00772cam a2200181 a 45000010009000000050017000090080041000260410008000670800017000752450171000922500013002632640046002763000047003226530066003697000052004357000052004877000051005391614395020220929111423.0100305s2015 paua b 001 0 eng  aeng a616.053 F-2300aFanaroff and Martin's neonatal-perinatal medicine :bVolume 1. Diseases of the fetus and infant /c[edited by] Richard J. Martin, Avroy A. Fanaroff, Michele C. Walsh. a10th ed. aPhiladelphia :bSaunders/Elsevier,c2015. a2 v. (1840. lx, [lx] p.) :bill. ;c29 cm. aპერინატალური მედიცინა1 aMartin, Richard J.eრედაქტორი1 aFanaroff, Avroy A.eრედაქტორი1 aWalsh, Michele C.eრედაქტორი